000 01014cam a2200133 4500500
005 20260201002939.0
041 _afre
042 _adc
100 1 0 _aDurand, Emmanuel
_eauthor
245 0 0 _aÉvangile et Providence : Une théologie de l’action de Dieu
260 _bÉditions du Cerf,
_c2014.
520 _aEst-il encore possible de lire l’action de Dieu, au quotidien et au long cours, dans les coeurs et dans l’histoire ? Pour envisager l’action de Dieu dans ce monde tel qu’il est, bouleversé par le mal, et non pas dans un monde théoriquement pur, il faut repartir des Écritures. La Bible est pragmatique. Elle oriente la théologie vers une conception pascale de la Providence. Dieu aurait-il pris congé de ce monde-ci ? Une théologie de l’action de Dieu, illuminée autour des Justes, invite à l’espérer et le confesser là où il semblait absent ou silencieux.
856 4 1 _uhttps://shs.cairn.info/evangile-et-providence--9782204102018?lang=fr&redirect-ssocas=7080
999 _c1638735
_d1638735